Novas by Real Name (Marvel Picture Quiz) - Statistics

General Stats
  • This quiz has been taken 12 times
  • The average score is 3 of 6
Answer Stats
Picture Answer % Correct
Richard Rider
89%
Samuel "Sam" Alexander
89%
Frankie Raye
56%
Garthan Saal
33%
Irani Rael
33%
Ko-Rel
11%
No matching quizzes found
Score Distribution
Percent of People with Each Score
Percentile by Number Answered
Your Score History
You have not taken this quiz